000 00588naa a2200217 i 4500
001 84811
003 ES-MaBCM
005 20241016125102.0
008 020607s2002 fra 000 0 fre d
021 _axx
035 _a(OCoLC)1365202522
040 _cES-MaBCM
041 0 _afre
043 _afra
245 0 0 _aLes polices
520 _aDossier sobre el tema
650 2 7 _aPolicía
_959805
651 4 _aFrancia
_9115364
773 0 _aEn:
_tLes cahiers de la fonction publique et de l'administration
_dParis : 2002
_w104646
_gnº 208, janv., p. 3-18. - Loc. S.330
942 _cAREV
999 _c84811
_d84811